000 00312nam a2200133Ia 4500
005 20260328101520.0
008 260328s9999||||xx |||||||||||||| ||und||
100 _aMerle, Pierre
245 0 _aL' Homme et la verticale /
_cPierre Merle
260 _bLa Colombe
300 _a212 p.
650 _aARTE
942 _cBK
999 _c9569
_d9569